Hodnotíme účastníkov jesennej časti Corgoň ligy 2010/2011 11. MFK Dubnica

Bibliographic Details
Format: Article
Language:Slovak
PhysicalDescription:Fotogr., tab.
ISSN:0139-7001
Subjects:
Online Access:http://denniksport.sk/article/157719/hodnotime-ucastnikov-jesennej-casti-corgon-ligy-2010-2011

MARC

LEADER 00000nab a2200000 ar4500
001 vtls010203695
003 SK-MaSNL
005 20260303093811.0
008 110114c20101220xo |||||||||||100 b|slo
015 |a SNKBUCL2011/01  |2 snkbucl 
038 |a SNKBUCL 
040 |a SNKBUCL  |b slo  |c SNKBUCL  |e AACR2 
041 0 |a slo 
044 |a xo  |c SK 
080 |a 796.332.093.1  |2 2001 
245 0 0 |a Hodnotíme účastníkov jesennej časti Corgoň ligy 2010/2011  |b 11. MFK Dubnica 
300 |b Fotogr., tab. 
610 2 7 |a MFK Dubnica  |2 snkbucl  |9 1046637 
648 7 |a sezóna 2010/2011  |2 snkbucl  |9 1038786 
650 0 7 |a futbal  |2 snkbucl  |9 3291 
650 0 7 |a Corgoň liga  |2 snkbucl  |9 848915 
650 0 7 |a jesenná časť  |2 snkbucl  |9 1020617 
650 0 7 |a 12. miesto  |2 snkbucl  |9 1036588 
773 0 |t Šport  |g Roč. 64, č. 290 (20.12.2010), s. 2  |x 0139-7001 
852 |a SNK  |b KIS3GCP 
856 4 1 |u http://denniksport.sk/article/157719/hodnotime-ucastnikov-jesennej-casti-corgon-ligy-2010-2011 
999 |c 1817261  |d 1819191